| Tag |
First Indicator |
Second Indicator |
Subfields |
| LEADER |
00000cam a2200000 a 4500 |
| 001 |
in00002787722 |
| 005 |
20211120170410.0 |
| 006 |
m o d |
| 007 |
cr ||||||||||| |
| 008 |
121119s2010 mdua o f000 0 eng c |
| 035 |
|
|
|a (OCoLC)ocn818672956
|
| 040 |
|
|
|a GPO
|c GPO
|d GPO
|d MvI
|d UtOrBLW
|
| 042 |
|
|
|a pcc
|
| 043 |
|
|
|a n-us---
|
| 049 |
|
|
|a WWW
|
| 074 |
|
|
|a 0507-E-01 (online)
|
| 086 |
0 |
|
|a HE 20.3202:M 46/2
|
| 245 |
0 |
0 |
|a Deliciously healthy family meals.
|
| 246 |
1 |
|
|i At head of title:
|a Keep the beat recipes
|
| 246 |
1 |
|
|i Also called:
|a Keep the beat recipes :
|b deliciously healthy family meals
|
| 264 |
|
1 |
|a [Bethesda Md.] :
|b U.S. Dept. of Health and Human Services, National Institutes of Health, National Heart, Lung, and Blood Institute,
|c [2010]
|
| 300 |
|
|
|a 1 online resource (x, 112 pages) :
|b illustrations
|
| 336 |
|
|
|a text
|b txt
|2 rdacontent
|
| 337 |
|
|
|a computer
|b c
|2 rdamedia
|
| 338 |
|
|
|a online resource
|b cr
|2 rdacarrier
|
| 490 |
1 |
|
|a NIH publication ;
|v no. 10-7531
|
| 500 |
|
|
|a Title from PDF title page (viewed Nov. 19, 2012).
|
| 500 |
|
|
|a "December 2010."
|
| 500 |
|
|
|a Electronic resource.
|
| 650 |
|
0 |
|a Families
|x Nutrition
|z United States.
|
| 650 |
|
0 |
|a Children
|x Nutrition
|z United States.
|
| 650 |
|
0 |
|a Cooking
|x Health aspects.
|
| 650 |
|
0 |
|a Cooking (Natural foods)
|z United States.
|
| 650 |
|
0 |
|a Low-fat diet
|v Recipes.
|
| 650 |
|
0 |
|a Low-cholesterol diet
|v Recipes.
|
| 650 |
|
0 |
|a Heart
|x Diseases
|x Diet therapy
|v Recipes.
|
| 710 |
2 |
|
|a National Heart, Lung, and Blood Institute.
|
| 776 |
0 |
8 |
|i Print version:
|t Deliciously healthy family meals
|w (OCoLC)703440452
|
| 830 |
|
0 |
|a NIH publication ;
|v no. 10-7531.
|
| 856 |
4 |
0 |
|u https://purl.fdlp.gov/GPO/gpo31521
|t 0
|
| 999 |
|
|
|a MARS
|
| 999 |
f |
f |
|s ba8c9866-e4bc-3263-abc0-945cd778f7c3
|i ae2e7dd1-3b8d-30ee-8589-cf1c8946fb58
|t 0
|
| 952 |
f |
f |
|a Texas A&M University
|b College Station
|c Electronic Resources
|d Available Online
|t 0
|e HE 20.3202:M 46/2
|h Superintendent of Documents classification
|
| 998 |
f |
f |
|a HE 20.3202:M 46/2
|t 0
|l Available Online
|